О кинетике полимеризации изоэвгенола в щелочных растворах; Химия и химическая технология древесины; Вып. 2

Dades bibliogràfiques
Parent link:Химия и химическая технология древесины: межвузовский сборник научных трудов/ Сибирский технологический институт (СибТИ).— , 1973-1977
Вып. 2.— 1974.— С. 78-82
Altres autors: Аборенко Н. В., Соколова Г. Н., Чупка Э. И., Никитин В. М.
Idioma:rus
Publicat: 1974
Format: MixedMaterials Capítol de llibre
KOHA link:https://koha.lib.tpu.ru/cgi-bin/koha/opac-detail.pl?biblionumber=205830

MARC

LEADER 00000naa2a2200000 4500
001 205830
005 20231031190545.0
035 |a (RuTPU)RU\TPU\book\224325 
035 |a RU\TPU\book\224305 
090 |a 205830 
100 |a 20111215d1974 k y0rusy50 ca 
101 0 |a rus 
102 |a RU 
200 1 |a О кинетике полимеризации изоэвгенола в щелочных растворах  |f Н. В. Аборенко [и др.] 
320 |a Библиогр.: с. 82 (4 назв.) 
461 0 |0 (RuTPU)RU\TPU\book\136931  |t Химия и химическая технология древесины  |o межвузовский сборник научных трудов  |f Сибирский технологический институт (СибТИ)  |d 1973-1977 
463 0 |0 (RuTPU)RU\TPU\book\224263  |t Вып. 2  |v С. 78-82  |d 1974  |p 150 с. 
701 1 |a Аборенко  |b Н. В. 
701 1 |a Соколова  |b Г. Н. 
701 1 |a Чупка  |b Э. И. 
701 1 |a Никитин  |b В. М. 
801 1 |a RU  |b 63413507  |c 20111214 
801 2 |a RU  |b 63413507  |c 20111215  |g RCR 
942 |c BK